| 000 | 00611nam a2200205 i 4500 | ||
|---|---|---|---|
| 001 | 95490 | ||
| 003 | ES-MaACL | ||
| 005 | 20230906181722.0 | ||
| 007 | t| | ||
| 008 | 050530s1942 sp ||||1| spa d | ||
| 100 | 1 |
_aLlampayas, José. _972682 |
|
| 245 | 1 | 0 |
_aJaime I, el Conquistador / _cpor José Llampayas. |
| 260 |
_aMadrid : _bBiblioteca Nueva, _c1942. |
||
| 300 |
_a234 p. ; _c21 cm. |
||
| 490 | 1 | _aColección españoles famosos | |
| 600 | 0 | 4 |
_aJaime _bI _cRey de Aragón. _965934 |
| 830 | 0 |
_aColección españoles famosos _9232200 |
|
| 852 |
_aES-MaACL _jB-10279 _bR.21676 |
||
| 999 |
_c95490 _d95490 |
||